Responses for show #2687 - Tuesday, April 16, 1996

Contestants

Tom Kalita, a clergyman from Olney, Maryland

Ted Buyniski, a human resources consultant from Chester, New Jersey

Barbara Andrae, a travel consultant from Naperville, Illinois

Jeopardy! Round responses

BALLET
AWARDS
FAMOUS DOGS
WORLD BUSINESS
WAR
"P"s
    $100 21
Helen

Barbara
    $100 14
(Tom: Who is Barbara Bush?)

Hillary Clinton

TedTom
    $100 10
Snoopy

Tom
    $100 13
Japan

Barbara
    $100 3
the Vietnam War

Barbara
    $100 1
pantomime

Barbara
    $200 24
Cinderella

Triple Stumper
    $200 16
John Kennedy

Ted
    $200 11
Spuds Mackenzie

Ted
    $200 15
the Barbie doll

Barbara
    $200 5
the Spanish-American War

Tom
    $200 2
a paramedic

Ted
    $300 25
Picasso

Tom
    $300 26
(Nelson) Mandela

Barbara
    $300 20
Sandy

Ted
    $300 17
3M

Ted
    $300 6
the War of 1812

Ted
    $300 4
a pincer

Ted
    $400 28
tennis

Tom
    $400 27
Dr. Seuss

Ted
    $400 22
Mad About You

Barbara
    $400 18
Guinness

Tom
    $400 7
the Wars of the Roses

Barbara
    $400 8
puce

Ted
    $500 30
Herbert Ross

Triple Stumper
    $1,000 29
Planned Parenthood

Tom
    $500 23
Benji

Ted
    $500 19
Germany

Tom
    $500 9
the Ottoman Empire

Tom
    $500 12
a protractor

Ted

Scores at the first commercial break (after clue 15):

Barbara Ted Tom
$900 $2,000 $700

Scores at the end of the Jeopardy! Round:

Barbara Ted Tom
$1,700 $3,700 $3,300

Double Jeopardy! Round responses

SOUTH AMERICAN CAPITALS
PEOPLE
GOURMET CUISINE
TRANSPORTATION
EXPLORERS
LITERATURE
    $200 1
Quito (Ecuador)

Tom
    $200 6
(Tom: What is Bol?)

(Hakeem) Olajuwon

BarbaraTom
    $200 15
New Orleans

Ted
    $200 14
bus

Barbara
    $200 9
(William) Clark

Barbara
    $400 2
Bogota

Tom
    $400 7
Rush Limbaugh

Ted
    $400 19
(Ted: What are raspberries?)

cherries

BarbaraTed
    $400 16
a chariot

Tom
    $400 10
Magellan

Tom
    $600 3
Lima (Peru)

Tom
    $600 8
Shannon Miller

Triple Stumper
    $600 28
crayfish

Tom
    $600 20
Toronto

Barbara
    $600 11
(Barbara: What is the Hudson?)

(John Jacob) Astor

BarbaraTom
    $600 27
(Henry) Miller

Barbara
    $800 4
Brasilia

Ted
    $800 17
(Barbara: Who is [last name*]?)
(Alex: Which one?)
(Barbara: [First name*])

Richard Leakey

Barbara
    $800 24
meringue

Barbara
    $800 21
Switzerland

Ted
    $800 12
(Tom: What is Lake Victoria?)
(Ted: What is Lake Albert?)

Lake Tanganyika?

TedTom
Triple Stumper
    $1,000 26
(Alex: [*] is right. Antoine de Saint-Exupéry.)

French

Barbara
    $1000 5
Asunción

Barbara
    $2,000 18
(Barbara: Who is Thomas?)

Stephen Breyer

Barbara
    $1000 23
(Ted: What are sweetmeats?)

sweetbreads

BarbaraTed
    $1000 22
(Ted: You are right and we have a minute to go.)

the DeWitt Clinton

Ted
    $1000 13
(Roald) Amundsen

Ted
    $1000 25
The Lottery

Barbara

Scores at the end of the Double Jeopardy! Round:

Barbara Ted Tom
$6,900 $5,700 $5,500

[wagering suggestions for these scores]

Final Jeopardy! Round responses

MOVIE DEBUTS
(Alex: The movie was based on a novel by an author named McCarthy, and not Charlie McCarthy.)
TomWhat is the Group
$5,400
TedWhat is "The Group"
$5,699
BarbaraWhat is "The Group"
$4,501
The Group

Final scores:

Barbara Ted Tom
$11,401 $11,399 $10,900
New champion: $11,401 2nd place: Trip to Jamaica + computer Jeopardy! games 3rd place: Maurice Lacroix watches + computer Jeopardy! games

Game dynamics:

Coryat scores:

Barbara Ted Tom
$8,700 $5,700 $5,000
20 R
(including 1 DD),
2 W
(including 1 DD)
18 R,
3 W
15 R
(including 1 DD),
3 W

Combined Coryat: $19,400

The J! Archive is created by fans, for fans. The Jeopardy! game show and all elements thereof, including but not limited to copyright and trademark thereto, are the property of Jeopardy Productions, Inc. and are protected under law. This website is not affiliated with, sponsored by, or operated by Jeopardy Productions, Inc. Join the discussion at JBoard.tv.